1418 1744 1752 1570 1944 1135 1620 1263 1890 1774 1134 1094 1707 1653 1330 1907 1916 1123 1379 1448 1307 1161 1194 1427 1230 1218 1193 1734 1164 1850 1858 1243 1406 1440 1059 1108 1472 1294 1696 1751 1923 1290 1281 1016 1410 1941 1621 1041 1550 1813 1370 1977 1191 1509 1993 1814 1228 1031 1128 1955 1914 1807 1079 1562 1330 1239 1295 1542 1487 1375 1310 1395 1292 1047 1474 1959 1898 1922 1613 1606 1858 1643 1060 1641 1235 1026 1203 1083 1847 1916 1132 1708 1640 1005 1113 1196 1457 1124 1024 BCNSPRNW ULIB Ver.6.0+V

เปลี่ยนเป็นภาษาไทย

Change to English
 แสดงรายละเอียดบรรณานุกรม
  กลับหน้าหลัก

Brief Record : Get Marc (ISO 2709) : E-mail record : QR code < ปิดหน้าต่าง
LEADER : 00000nam 2200000uu 4500
001    13399122619
003     ULIB
008    130819s2011||||th 000 0 eng d
020    ^a9781609137854
060  4 ^aQS17^bR737C
100 1  ^aRohen, Johannes W
245 10 ^aColor atlas of anatomy :^bA photographic study of thehuman body /^cJohannes W. Rohen, Chihiro Yokochi, Elke Lutjen-Drecoll
250    ^a7th ed
260    ^aPhiladelphia :^bLippincott Williams & Wilkins,^c2011
300    ^axii, 532 p. :^bill
650  0 ^aHuman anatomy^vatlases
650  2 ^aAnatomy^vatlases
700 1  ^aYokochi, Chihiro
700 1  ^aLutjen-Drecoll, Elke
945    ^p0^l0^i20071
999    ^aทศพร เกษรทอง
รายการนี้ยังไม่มีแท็ก
คุณยังไม่ได้ล็อกอิน คุณสามารถมีกิจกรรมร่วมกับเว็บไซต์ได้ แต่ต้องล็อกอินก่อน ::
  ล็อกอิน

รายการสื่อสารสนเทศ

ลำดับที่ ประเภท เลขเรียก/บาร์โค้ด สถานที่ สถานะ
1. วิทยาศาสตร์การแพทย์ และสุขภาพ
วิทยาศาสตร์การแพทย์ และสุขภาพ
QS17 R737C C.1 
  Barcode: 20071
ห้องสมุดวิทยาเขตสวรรค์ประชารักษ์
►หนังสือทั่วไป
บนชั้น

รายการใกล้เคียง
    ผู้แต่ง [Rohen, Johannes W]

    หัวเรื่อง [Anatomy atlases]

BibComment


ยังไม่เคยถูกคอมเมนท์

คอมเมนท์ทรัพยากรรายการนี้
  คอมเมนท์: Color atlas of a..


 Copyright 2026. Bcnsprnw @Library